| 000 | 00902nmm a2200325 a 4500 | ||
|---|---|---|---|
| 003 | AR-BaBNM | ||
| 005 | 20251128205414.0 | ||
| 008 | 067119s1985 ||||||||||||||000 | spa|| | ||
| 020 | _a84-7232-361-7 | ||
| 040 | _cAR-BaBNM | ||
| 100 | 1 | _aConcejo, Pilar | |
| 245 | 1 | 0 |
_aAntonio de Guevara _bun ensayista del siglo XVI |
| 260 |
_aMadrid _bCultura hispánica _bInstituto de cooperación Iberoamericana _c1985 |
||
| 300 | 0 |
_a274 p. _bil., láms. |
|
| 504 | _aBibliografía para consultar p. 253- 274 | ||
| 600 | 1 | 4 | _aVives, Luis |
| 600 | 1 | 4 | _aMexia, Pedro |
| 600 | 0 | 4 | _aHermanos Valdes |
| 650 | 4 | _aHISTORIA LITERARIA | |
| 650 | 4 | _aLITERATURA ESPANOLA | |
| 650 | 4 | _aCRITICA LITERARIA | |
| 650 | 4 | _aEDAD MEDIA | |
| 650 | 4 | _aLITERATURA POPULAR | |
| 650 | 4 | _aARTE RELIGIOSO | |
| 650 | 4 | _aMISTICISMO | |
| 650 | 4 | _aESTOICISMO | |
| 655 | _aLITERATURA | ||
| 942 | _cBK | ||
| 998 | _cmariana | ||
| 999 |
_c11299 _d11299 |
||